| 000 | 00602pam a2200217 a 4500 | ||
|---|---|---|---|
| 001 | 2351759 | ||
| 005 | 20180208042227.0 | ||
| 008 | 831214s1984 nyu b 001 0 eng | ||
| 010 | _a 83026281 | ||
| 020 | _a082477096X | ||
| 040 |
_aDLC _cDLC _dDLC |
||
| 041 | _aeng | ||
| 080 | _a658.4 RAB | ||
| 082 | 0 | 0 |
_a658.4 RAB _219 |
| 100 | _a54 | ||
| 101 | _aMEN | ||
| 245 | 0 | 0 |
_aManaging administration / _c[edited by] Jack Rabin, Samuel Humes, Brian S. Morgan. |
| 504 | _aIncludes bibliographical references and indexes. | ||
| 906 |
_a7 _bcbc _corignew _d1 _eocip _f19 _gy-gencatlg |
||
| 942 |
_2ddc _cBK |
||
| 999 |
_c42098 _d42098 |
||